000 00505cam a22001217a 4500
008 180718b1998 xxu||||| |||| 00| 0 eng d
082 _aB142x595 R263/1998
245 _aRegional health report, 1998: focus on women
_cby Regional Office for South-East Asia, World Health Organization
260 _aNew Delhi
_bRegional Office for South-East Asia
_c1998
300 _a80p.
650 _aWomen - Health and hygiene - Asia, Southeastern
700 _aWorld Health Organization. Regional Office for South-east Asia
999 _c487246
_d487246